| 000 | nam a22 4500 | ||
|---|---|---|---|
| 999 |
_c28250 _d28250 |
||
| 008 | 170223b xxu||||| |||| 00| 0 eng d | ||
| 020 | _a9780781797818 | ||
| 020 | _a0781797810 978 | ||
| 050 |
_aQP301 _b.M375 2010 |
||
| 100 | _aMcArdle William D | ||
| 245 |
_aExercise physiology : _bnutrition, energy, and human performance / _cWilliam D McArdle, Frank I Katch and Victor L Katch |
||
| 250 | _a7th ed. | ||
| 260 |
_aBaltimore, MD : _bLippincott Williams & Wilkins, _c2010. |
||
| 300 |
_alxv, 1038 p. : _bill. ; _c29 cm |
||
| 500 | _aInclude index | ||
| 650 |
_aSport _xFisiologia. |
||
| 700 | _aFrank I Katch | ||
| 700 | _a Victor L Katch | ||
| 942 |
_2lcc _cBOOKS _hQP301.M375 2010 |
||